Sports Quiz

Random Sports Quiz
Score 0/11 Timer 05:00
0 Plays Today
Poste Joueur % Correct
GardienDOUCHEZ
92.3%
DéfenseurMANGANE
78%
DéfenseurHANSSON
78%
MilieuDANZE
73.7%
MilieuLEROY
73.7%
DéfenseurBOCANEGRA
70.8%
AttaquantGYAN
67.5%
DéfenseurFANNI
66.5%
MilieuLEMOINE
63.6%
MilieuM'VILA
62.2%
MilieuMARVEAUX
46.9%
Remove Ads.
Support Sporcle.
Get the best of Sporcle when you Go Orange. This ad-free experience offers more features, more stats, and more fun while also helping to support Sporcle. Thank you for becoming a member.

You're not logged in!

Compare scores with friends on all Sporcle quizzes.
OR
Log In

Sporcle TV

Today on Sporcle TV


Watch our educational content, quiz creation guides, and fun videos on Sporcle TV.

Show Comments

Extras

Created May 10, 2020SourceReportNominate
Tags:1994, 1995, poste, saison

Top Quizzes Today


Score Distribution

Paid Content

Your Account Isn't Verified!

In order to create a playlist on Sporcle, you need to verify the email address you used during registration. Go to your Sporcle Settings to finish the process.

Report this User

Report this user for behavior that violates our Community Guidelines.

Details: